Normal view
MARC view
- Hussain, Murtaza
Entry Personal Name
001 - CONTROL NUMBER
- control field: 29822
003 - CONTROL NUMBER IDENTIFIER
- control field: NUST
005 - DATE AND TIME OF LATEST TRANSACTION
- control field: 20200903150845.0
008 - FIXED-LENGTH DATA ELEMENTS
- fixed length control field: 200903|| aca||aabn | a|a d
040 ## - CATALOGING SOURCE
- Original cataloging agency: NUST
- Transcribing agency: NUST
100 ## - HEADING--PERSONAL NAME
- Personal name: Hussain, Murtaza
670 ## - SOURCE DATA FOUND
- Source citation: Work cat.: (NUST): Hussain, Murtaza, Application of Mathematical and Statistical Techniques for Analsis of Machinery Defects /, 2014.
